书目信息 |
| 书名: | 宪法基础 | |
| 作者: | Andrew Beale / 安德鲁·比尔. | |
| 分册号: | ||
| 分册名: | 出版地: | 武汉 : |
|
| 出版社: | 武汉大学出版社 | |
| 出版时间: | 2004. | |
| 页数: | 12, 114 p. ; | |
| 开本: | 22 cm. | |
| 丛书名: | 影印版法学基础系列 | |
| 中图分类号: | ||
| 科图分类号: | ||
| 其他分类号: | D956.11 | |
| 主题词: | ||
| 电子资源: | ||
| 000 | 01005cam 2200289 a 4500 | |
| 001 | E0740847131 | |
| 005 | 20070531174350.03 | |
| 008 | 040901r20041997cc 001 0 eng d | |
| 020 | @a7307042282 :@cCNY7.00. | |
| 040 | @aWUL@bchi@cWUL | |
| 041 | 0 | @aeng@achi@fchi |
| 043 | @ae-uk--- | |
| 090 | @aD956.11 | |
| 099 | @dD956.11@ex18=2 | |
| 100 | 1 | @aBeale, Andrew. |
| 245 | 10 | @a宪法基础 :@bEssential constitutional law / @cAndrew Beale / 安德鲁·比尔. |
| 246 | 11 | @aEssential constitutional law |
| 250 | @a2nd ed. | |
| 260 | @a武汉 :@b武汉大学出版社,@c2004. | |
| 300 | @a12, 114 p. ;@c22 cm. | |
| 440 | 0 | @a影印版法学基础系列 |
| 500 | @aIncludes index. | |
| 500 | @a本书中文版专有出版权由英国卡文迪什出版有限公司授予武汉大学出版社出版 | |
| 534 | @pReprint. Originally published:@cLondon : Cavendish, 1997.@z1859411460.@f(Cavendish essential series) | |
| 650 | 0 | @aConstitutional law@zGreat Britain. |
| 650 | 0 | @aAdministrative law@zGreat Britain. |
| 920 | @a232010@z2 | |
| 宪法基础 : : Essential constitutional law / / Andrew Beale / 安德鲁·比尔.-2nd ed.-武汉 : : 武汉大学出版社, , 2004. |
| 12, 114 p. ; ; 22 cm.- (影印版法学基础系列 ) |
| Includes index.-本书中文版专有出版权由英国卡文迪什出版有限公司授予武汉大学出版社出版 |
| ISBN 7307042282 :CNY7.00. |
| ● |
| 相关链接 |
|
|
|
|
正题名:宪法基础
索取号:D956.11/x18=2
 
预约/预借
| 序号 | 登录号 | 条形码 | 馆藏地/架位号 | 状态 | 备注 |
| 1 | 0001494 | 300014945 | 第二样本阅览室/ [索取号:D956.11/x18=2] | 在馆 | |
| 2 | 0001495 | 300014954 | 第四借阅区/ [索取号:D956.11/x18=2] | 在馆 | |
| 3 | 0001496 | 300014963 | 第四借阅区/ [索取号:D956.11/x18=2] | 在馆 |